[Event "Niederoesterreich Landesliga 0708"]
[Site "Austria"]
[Date "2007.11.11"]
[Round "5"]
[White "Trkulja, Zoran"]
[Black "Neumeier, Klaus"]
[Result "1/2-1/2"]
[WhiteElo "2199"]
[BlackElo "2289"]
[PlyCount "71"]
[EventDate "2007.09.16"]
[EventType "team-tourn"]
[EventRounds "13"]
[EventCountry "AUT"]
[SourceTitle "EXT 2022"]
[Source "ChessBase"]
[SourceDate "2021.10.06"]
[SourceVersion "1"]
[SourceVersionDate "2021.10.06"]
[SourceQuality "1"]

1. e4 e5 2. Nf3 Nc6 3. Nc3 Nf6 4. d4 exd4 5. Nxd4 Bb4 6. Nxc6 bxc6 7. Bd3 0-0 8. 0-0 Qe7 9. Qf3 h6 10. Bd2 d6 11. h3 Rb8 12. a3 Bc5 13. b4 Bd4 14. Rae1 Nd7 15. Qg3 Qe5 16. Bf4 Qf6 17. Ne2 Bb6 18. Kh1 Re8 19. Bd2 Ne5 20. Bc3 Qg5 21. f4 Qxg3 22. Nxg3 Nxd3 23. cxd3 Ba6 24. Rf3 c5 25. Nf5 cxb4 26. axb4 d5 27. Nxg7 dxe4 28. dxe4 Red8 29. Nf5 Kh7 30. Bf6 Rd3 31. Rxd3 Bxd3 32. Bc3 Bf2 33. Rd1 Bxe4 34. Rd7 Kg6 35. Ne7+ Kh7 36. Nd5 1/2-1/2

[Event "Niederoesterreich Landesliga 0708"]
[Site "Austria"]
[Date "2007.09.30"]
[Round "2"]
[White "Groetz, Harald"]
[Black "Trkulja, Zoran"]
[Result "0-1"]
[WhiteElo "2321"]
[BlackElo "2199"]
[PlyCount "83"]
[EventDate "2007.09.16"]
[EventType "team-tourn"]
[EventRounds "13"]
[EventCountry "AUT"]
[SourceTitle "EXT 2022"]
[Source "ChessBase"]
[SourceDate "2021.10.06"]
[SourceVersion "1"]
[SourceVersionDate "2021.10.06"]
[SourceQuality "1"]

1. e4 e6 2. d4 d5 3. Nd2 Be7 4. Bd3 c5 5. dxc5 Nf6 6. Qe2 Nc6 7. Ngf3 Nb4 8. e5 Nd7 9. Nb3 Nxd3+ 10. cxd3 Nxc5 11. Nxc5 Bxc5 12. d4 Be7 13. 0-0 a5 14. Bd2 b6 15. Rfc1 Ba6 16. Qe3 0-0 17. Rc6 Bc4 18. b3 Bb5 19. Rc2 a4 20. Qe1 Bd3 21. Rc3 Be4 22. h3 Ba3 23. Qe2 Bb2 24. Bg5 Bxa1 25. Bxd8 Bxc3 26. Bxb6 axb3 27. axb3 Rfb8 28. Qe3 Rxb6 29. Qxc3 Bxf3 30. Qxf3 Rab8 31. h4 Rxb3 32. Qg4 Rd3 33. h5 h6 34. Qh4 Rd1+ 35. Kh2 Rd2 36. f3 Kf8 37. Kg3 Ke8 38. Qg4 Rbb2 39. Kh3 Rxg2 40. Qxg2 Rxg2 41. Kxg2 Kd7 42. f4 0-1

[Event "Niederoesterreich Landesliga 0708"]
[Site "Austria"]
[Date "2007.09.16"]
[Round "1"]
[White "Trkulja, Zoran"]
[Black "Knoll, Hermann"]
[Result "0-1"]
[WhiteElo "2199"]
[BlackElo "2373"]
[PlyCount "140"]
[EventDate "2007.09.16"]
[EventType "team-tourn"]
[EventRounds "13"]
[EventCountry "AUT"]
[SourceTitle "EXT 2022"]
[Source "ChessBase"]
[SourceDate "2021.10.06"]
[SourceVersion "1"]
[SourceVersionDate "2021.10.06"]
[SourceQuality "1"]

1. e4 c5 2. Nf3 d6 3. d4 cxd4 4. Nxd4 Nf6 5. Nc3 a6 6. f4 e5 7. Nf3 Nbd7 8. Bd3 Be7 9. 0-0 b5 10. a4 b4 11. Ne2 0-0 12. Ng3 Nc5 13. Kh1 Qc7 14. fxe5 dxe5 15. Bg5 h6 16. Bxf6 Bxf6 17. Nd2 Bg5 18. Nc4 Be6 19. Qe2 Rad8 20. Nf5 g6 21. Nfe3 Rd4 22. Nd2 Nxd3 23. cxd3 Rfd8 24. Nf3 R4d7 25. Nxg5 hxg5 26. Ng4 Rxd3 27. Nf6+ Kg7 28. Nd5 Qc4 29. b3 Qd4 30. Rad1 Rxd1 31. Rxd1 Qc5 32. Qxa6 Bxd5 33. exd5 Rxd5 34. Rf1 Rd6 35. Qb7 Qf2 36. Qb5 Qd4 37. h3 g4 38. Re1 Rd5 39. Qe2 gxh3 40. gxh3 e4 41. Qxe4 Qd2 42. Qe3 Qc2 43. Re2 Qf5 44. Kh2 Qd7 45. Qg3 Rd3 46. Qe5+ Kh7 47. Re3 Rd2+ 48. Kg3 Rd5 49. Qe7 Qf5 50. Rf3 Rd3 51. Qh4+ Kg7 52. Qf4 Rxf3+ 53. Qxf3 Qe5+ 54. Kg2 Qb2+ 55. Kg3 Qc3 56. Kf2 Qd2+ 57. Qe2 Qf4+ 58. Qf3 Qd4+ 59. Qe3 Qd5 60. Kg3 g5 61. Kf2 Kf8 62. Kg3 f5 63. Qxg5 Qxb3+ 64. Kf4 Qc4+ 65. Kg3 Qd3+ 66. Kf2 b3 67. Qf6+ Ke8 68. Qc6+ Kf7 69. a5 Qc2+ 70. Ke3 Qxc6 0-1

[Event "Niederoesterreich Landesliga 0506"]
[Site "Austria"]
[Date "2006.01.22"]
[Round "9"]
[White "Trkulja, Zoran"]
[Black "Plachetka, Jan"]
[Result "1/2-1/2"]
[WhiteElo "2226"]
[BlackElo "2422"]
[PlyCount "44"]
[EventDate "2005.09.18"]
[EventType "team-tourn"]
[EventRounds "13"]
[EventCountry "AUT"]
[SourceTitle "EXT 2022"]
[Source "ChessBase"]
[SourceDate "2021.10.06"]
[SourceVersion "1"]
[SourceVersionDate "2021.10.06"]
[SourceQuality "1"]

1. e4 c5 2. Nf3 d6 3. d4 cxd4 4. Nxd4 Nf6 5. Nc3 Nc6 6. f4 g6 7. Nf3 Bg7 8. Bd3 Qb6 9. Qe2 0-0 10. Rb1 Nb4 11. Be3 Nxd3+ 12. cxd3 Qa6 13. 0-0 e6 14. Kh1 b5 15. a3 Qb7 16. b4 Bd7 17. Bd4 Rfc8 18. Nd1 Be8 19. Qb2 Qe7 20. Ne3 h5 21. h3 Rc7 22. Rbc1 Rac8 1/2-1/2